Music Quiz

Random Music or Decade Quiz
Score 0/16 Timer 03:00
536 Plays Today
% Correct
Born in
99.2%
Purple
98.6%
Like
98.4%
Slippery
97.4%
Dancing on
97.1%
Brothers in
96.6%
Back in
95.9%
No Jacket
95.6%
% Correct
The Joshua
95.1%
Colour by
94%
Master of
92.7%
Private
92.5%
Permanent
92.1%
Tango in
88.5%
Songs from the
84.8%
Rhythm
84.2%

You're not logged in!

Compare scores with friends on all Sporcle quizzes.
OR
Log In

Sporcle TV

Today on Sporcle TV


Watch our educational content, quiz creation guides, and fun videos on Sporcle TV.

Show Comments

Extras

Top Quizzes Today


Score Distribution

Paid Content

Your Account Isn't Verified!

In order to create a playlist on Sporcle, you need to verify the email address you used during registration. Go to your Sporcle Settings to finish the process.

Report this User

Report this user for behavior that violates our Community Guidelines.

Details: